Peynirmayhout - Statistics

General Stats
  • This quiz has been taken 14 times
    5 since last reset
  • The average score is 12 of 20
Answer Stats
Question Answer % Correct
What country is Peynirmayhout located in Myanmar
100%
Foundation date of Peynirmayhout 1638
75%
Naming of the town 1642
75%
Peynirmayhout meaning Cheese-town
75%
Ottoman Sultan at the time Murat IV
75%
What state is Peynirmayhout located in Rakhine State
75%
Where the tradesmen originated from Thrace
75%
How many miners died in the Komur Mine in 1965 10
50%
How many miners were trapped in the Komur Mine in 1965 12
50%
When the tradesmen arrived for the first time 1634
50%
Area of Peynirmayhout ≈23.34km2
50%
How many ships the tradesmen arrived with 3
50%
Population of Peynirmayhout (2021) 36,139 people
50%
What did the tradesmen make for the locals Cheese
50%
The house where cheese was first made Cheese House
50%
Abandoned coal mine in the town Komur Mine
50%
British Name for Peynirmayhout Parnaho
50%
Famous pagoda in the town Peynirmayhout Pagoda
50%
Language the locals spoke in Peynirmayhout Rakhine
50%
Name of the old mosque the tradesmen built in 1635 Tarkal Mosque
50%
No matching quizzes found
Score Distribution
Percent of People with Each Score
Percentile by Number Answered
Your Score History
You have not taken this quiz since the last reset